000 00317nam a22001337a 4500
008 171005b xxu||||| |||| 00| 0 eng d
020 _a2901285444917
041 _aeng
080 _27 ED
_a159.9
100 _a159.9
101 _aPSI
245 _aADULT DEVELOPMENT AND AGING
_cCAVANAUGH.J.C
942 _2udc
_cBK
999 _c32047
_d32047